000 01119nam a2200313 a 4500
001 000025747
005 20240418073804.0
008 110221s1971 sp r 000 0 spa d
040 _aDO-SdBNP
_bspa
_cBNPHU
041 1 7 _aspa
_hfre
_2Código de idioma MARC
082 _a301.09
_bA744s
100 1 _aArnaud, Pierre
_952547
240 1 0 _aSociologie de Comte.
_lEspañol.
245 1 0 _aSociología de Comte /
_cPierre Arnaud ; traducción de Francisco Fernández Buey.
260 _aBarcelona, ( España) :
_bEdiciones Península,
_c1971.
300 _a234, [4] p. ;
_a20 cm.
490 1 _aHistoria. Ciencia, sociedad
_v78
504 _aIncluye referencias bibliográficas (p. 221-225)
500 _aIncluye notas (p. [227]- [235)
500 _aIncluye notas al pie de la páginas
534 _aTítulo original:
600 1 4 _aCOMTE, AUGUSTE,
_d1798-1857
_952548
650 0 _aSociología
_91061
650 4 _aSociología
_xHistoria
_9414
650 4 _aSociología histórica
_910967
700 1 _aFernández Buey, Francisco,
_etr.
_952549
830 0 _aHistoria. Ciencia, sociedad ;
_v78
_94624
049 _aBNGR
999 _c25239
_d25239